| 000 | 00450nam a2200121Ia 4500 | ||
|---|---|---|---|
| 008 | 220620s9999||||xx |||||||||||||| ||und|| | ||
| 100 | _aMarco Cascella | ||
| 245 | 0 | _aHighlights on Several Underestimated Topics in Palliative Care | |
| 546 | _aEnglish[eng] | ||
| 650 | _aMedicine||Public Health||Global Health||Health Sciences | ||
| 856 | _uhttps://www.intechopen.com/books/highlights-on-several-underestimated-topics-in-palliative-care | ||
| 942 | _cEB | ||
| 999 |
_c21463 _d21463 |
||